000 00635nam a2200181Ia 4500
008 090124s9999 xx 000 0 und d
082 _b24917
_a2618
100 _aनाडकर्णी सुरेशचंद्र
245 _a गजल (विविध व्यक्ती)
250 _a1
260 _c1986
300 _a219
600 _aनाडकर्णी सुरेशचंद्र
630 _a गजल (विविध व्यक्ती)
700 _aनाडकर्णी सुरेशचंद्र
730 _a गजल (विविध व्यक्ती)
942 _cBOOK
999 _c138465
_d138465